000 00511nam a22001817a 4500
999 _c7406
_d7406
003 OSt
005 20211026145529.0
008 211026b ||||| |||| 00| 0 eng d
020 _a9788126571833
040 _cDDC
100 _aNise,Norman S.;
_993
245 _aNise's Control Systems Engineering.
_cEdited by Nise,Norman S.;
260 _aUSA.
_bWiley
_c2018
300 _axvi,919p;
_bill;
_c26cm
504 _aIncludes; Bibliography References and Index.
650 _aEngineering
_9373
942 _2ddc
_cO_SHELF